000 03213nab a2200325 i 4500
003 BR-BrBNA
005 20250826145854.0
008 250826b2022 bl.mr|pooa||| 00| 0 eng |
040 _aBR-BrBNA
_beng
072 _aF30
_b0430
100 _aGomes, Itallo H. R. A.
100 _aCavalcanti, José J. V.
100 _aFarias, Francisco J. C.
100 _aPaixão, Francisco J. R. da
100 _aSilva Filho, João L. da
100 _aSuassuna, Nelson D.
245 _aSelection of cotton genotypes for yield and fiber quality under water stress
500 _aPublicação on-line; 30 ref.; 4 tables; Sumaries (En, Pt)
520 _a ABSTRACT: The objective of this work was to select a cotton line tolerant to water stress, based on yield and fiber quality characteristics. A total of nine cotton genotypes were evaluated (six breeding lines and three commercial cultivars) in two field experiments conducted in Quixeramobim - CE without water supplementation in 2018 and 2019, respectively. Traits related to cotton lint yield and intrinsic fiber quality were measured. Data were submitted to individual and joint analysis of variance, and selection by the selection index. The genetic variability among the materials demonstrates the possibility of significant gains in the cotton selection process. The genotypes CNPA 2013 - 2235 RF FL, CNPA 2013 - 2064 RF FL and CNPA 2012 - 160 RF FL, as well as the cultivar FM 944 GL, had higher production and better fiber quality under rainfed conditions. Key words: Gossypiu m hirsutum L., semi-arid, genetic improvement
520 _a RESUMO: O objetivo deste estudo foi selecionar linhagens de algodoeiro tolerantes ao estresse hídrico, com base em caracteres de produtividade e qualidade de fibra. O experimento foi conduzido em dois experimentos de campo em Quixeramobim - CE sem suplementação hídrica, nos anos: 2018 e 2019. Foram avaliados nove genótipos de algodoeiro, sendo seis linhagens e três cultivares comerciais. Foram mensuradas variáveis relacionadas com produtividade de algodão em pluma e qualidade intrínseca de fibra. Os dados foram submetidos à análise de variância individual e conjunta, e a seleção pelo índice de seleção. A variabilidade genética encontrada entre os materiais demonstra a possibilidade de ganhos significativos no processo de seleção do algodoeiro. Os genótipos CNPA 2013 - 2235 RF FL, CNPA 2013 - 2064 RF FL e CNPA 2012 - 160 RF FL e a cultivar FM 944 GL tiveram maior produção e melhor qualidade de fibra em condições de sequeiro. Palavras-chave: Gossypium hirsutum L., semiárido, melhoramento genético
650 _aALGODÃO
650 _aLINHAGEM
650 _aSELEÇÃO
650 _aVARIAÇÃO GENÉTICA
650 _aMELHORAMENTO GENÉTICO VEGETAL
773 0 _03534
_9317824
_dCampina Grande-PB Universidade Federal de Campina Grande. Centro de Ciências e Tecnologia 1997
_o2024-4543
_tRevista Brasileira de Engenharia Agrícola e Ambiental (Brazil)
_x1415-4366
_gv. 26 (8) p. 610-617; (2022)
_wBR2025003487
856 _uhttps://www.scielo.br/j/rbeaa/a/Sr6nrGzmx9t438ySN8RCKDR/?format=pdf&lang=en
942 _cANA
999 _c337810
_d337810